书目信息 |
| 题名: |
测绘管理概论
|
|
| 作者: | 金伯勋 著 | |
| 分册: | ||
| 出版信息: | 北京 测绘出版社 1985 |
|
| 页数: | 280页 | |
| 开本: | 19cm | |
| 丛书名: | ||
| 单 册: | ||
| 中图分类: | P205 | |
| 科图分类: | ||
| 主题词: | 测绘-经济管理 , 经济管理-测绘 | |
| 电子资源: | ||
| ISBN: | ||
| 000 | 00606nam0 2200241 45 | |
| 001 | 0185009828 | |
| 005 | 20060808172655.29 | |
| 010 | @dCNY1.80 | |
| 091 | @a15039.新373 | |
| 100 | @a19900904d1985 em y0chiy0121 ea | |
| 101 | 0 | @achi |
| 102 | @aCN@b110000 | |
| 105 | @ay z 000yy | |
| 200 | 10 | @a测绘管理概论@Ace hui guan li gai lun@f金伯勋著 |
| 210 | @a北京@c测绘出版社@d1985 | |
| 215 | @a280页@d19cm | |
| 606 | @a测绘-经济管理 | |
| 606 | @a经济管理-测绘 | |
| 690 | @aP205@v3 | |
| 701 | 0 | @a金伯勋@Ajin bo xun@4著 |
| 801 | 2 | @aCN@bNLC@c20060808 |
| 801 | 0 | @aCN@bTSSF |
| 905 | @a10447@dP205@e116 | |
| 测绘管理概论/金伯勋著.-北京:测绘出版社,1985 |
| 280页;19cm |
| ISBN :CNY1.80 |
| ● |
| 相关链接 |
|
|
|
|
正题名:测绘管理概论
索取号:P205/116
 
预约/预借
| 序号 | 登录号 | 条形码 | 馆藏地/架位号 | 状态 | 备注 |
| 1 | 0451779 | 204517790 | 密集书库/ [索取号:P205/116] | 在馆 | |
| 2 | 0451780 | 204517807 | 密集书库/ [索取号:P205/116] | 在馆 | |
| 3 | 0451781 | 204517816 | 密集书库/ [索取号:P205/116] | 在馆 | |
| 4 | 0451782 | 204517825 | 密集书库/ [索取号:P205/116] | 在馆 |